000
00340nam a22001457a 4500
008
211013b ||||| |||| 00| 0 eng d
020
_a
9780815139843
041
_a
eng
080
_2
4th
_a
616.073
082
_a
616.073
100
_a
6
101
_a
RAD
245
_a
Introduction to Radiologic Technology
_c
Gurley,L.T
942
_2
udc
_c
BK
999
_c
58203
_d
58203